000 00785ngm a22002650a 4500
001 PT20464
003 AR-LpoUNG
005 20210202000322.0
007 vd cvaizq
008 191001s2003||||ag |||||||||||||||||eng d
037 _c$16.65
040 _aAR-LpoUNG
_bspa
_cAR-LpoUNG
_eaacr
041 _aeng
_aspa
044 _aag
082 0 _a827 791v1
245 1 0 _aMonty Python flying circus
260 _aBuenos Aires :
_bRenacimiento Nuevo Siglo,
_c2003.
300 _aVHS (150 min.) : son., col.
520 _aEsta obra es la aparición del grupo como tal. Revolucionaron el mundo de la comedia a partir de 1969 con sus innovadoras convenciones.
653 _aCOMEDIA
653 _aVIDEOS
710 2 _aMonty Python (grupo teatral)
905 _a20464
942 _cVIDEO
999 _c54615
_d54615